| Tag |
First Indicator |
Second Indicator |
Subfields |
| LEADER |
00000cam a2200000 i 4500 |
| 001 |
in00004566521 |
| 003 |
OCoLC |
| 005 |
20220506191408.9 |
| 008 |
210415s2021 miu b 001 0 eng |
| 010 |
|
|
|a 2021018067
|
| 040 |
|
|
|a DLC
|e rda
|c DLC
|
| 020 |
|
|
|a 9780802879509
|q (hardcover)
|
| 020 |
|
|
|a 0802879500
|
| 035 |
|
|
|a (OCoLC)1237693784
|
| 050 |
0 |
0 |
|a BJ1249
|b .L465 2021
|
| 082 |
0 |
0 |
|a 241
|2 23
|
| 100 |
1 |
|
|a Levering, Matthew,
|d 1971-
|e author.
|
| 245 |
1 |
4 |
|a The abuse of conscience :
|b a century of Catholic moral theology /
|c Matthew Levering.
|
| 264 |
|
1 |
|a Grand Rapids, Michigan :
|b William B. Eerdmans Publishing Company,
|c 2021.
|
| 300 |
|
|
|a vii, 360 pages ;
|c 24 cm.
|
| 336 |
|
|
|a text
|b txt
|2 rdacontent
|
| 337 |
|
|
|a unmediated
|b n
|2 rdamedia
|
| 338 |
|
|
|a volume
|b nc
|2 rdacarrier
|
| 504 |
|
|
|a Includes bibliographical references and index.
|
| 520 |
|
|
|a A survey of twentieth-century Catholic moral theology with an overarching argument against conscience-centered Christian ethics.
|
| 505 |
0 |
|
|a Introduction: Conscience-centered moral theology -- 1. Conscience and the Bible : George Tyrrell, Hastings Rashdall, Rudolf Bultmann, C. A. Pierce, Yves Congar, OP, Johannes Stelzenberger, Philippe Delhaye, Richard B. Hays -- 2. Conscience and the moral manuals : Austin Fagothey, SJ, Thomas J. Higgins, SJ, Michael Cronin, Antony Koch, Dominic M. Prümmer, OP -- 3. Conscience and the Thomists : Benoît-Henri Merkelbach, OP, Michel Labourdette, OP, Eric D'Arcy, Reginald G. Doherty, OP, Servais Pinckaers, OP -- 4. Conscience and German thought : Martin Heidegger, Karl Jaspers, Dietrich Bonhoeffer, Karl Barth, Karl Rahner, SJ, Josef Fuchs, SJ, Bernard Häring, CSsR, Joseph Ratzinger -- Conclusion: The path forward : James F. Keenan, SJ, Reinhard Hütter.
|
| 650 |
|
0 |
|a Christian ethics
|x Catholic authors
|x History
|y 20th century.
|
| 650 |
|
0 |
|a Conscience
|x Religious aspects
|x Catholic Church.
|
| 945 |
|
|
|b 286302
|
| 947 |
|
|
|a A14851685116
|
| 980 |
|
|
|b print
|c 40031055729
|f NONFIC/B
|g 565714
|k USD
|m 36.45
|q 1
|s AcqMono Conventional
|t Approval plan
|u Vendor order reference number
|v ZYBP
|y Print approval
|z Physical resource
|
| 999 |
f |
f |
|i 5d4dde8e-5d3f-4aa3-9cfa-8c14fc2a5194
|s 4d09880a-03f7-4726-bc4e-2da403a3c2b6
|t 0
|
| 952 |
f |
f |
|p normal
|a Texas A&M University
|b College Station
|c Sterling C. Evans Library
|d Evans: Library Stacks
|t 0
|e BJ1249 .L465 2021
|h Library of Congress classification
|i unmediated -- volume
|m A14851685116
|
| 998 |
f |
f |
|a BJ1249 .L465 2021
|t 0
|l Evans: Library Stacks
|